000
00536nam a2200181Ia 4500
008
090123s9999 xx 000 0 und d
082
_b
1524
100
_a
लालीकोटी गुब्बायम
245
_a
नाफ्ते
250
_a
1
260
_b
गौरव कार्य.
300
_a
49
600
_a
लालीकोटी गुब्बायम
630
_a
नाफ्ते
700
_a
लालीकोटी गुब्बायम
730
_a
नाफ्ते
942
_c
BOOK
999
_c
39606
_d
39606